Cambio estructural y crecimiento de Centroamérica y la República Dominicana: un balance de dos décadas, 1990-2011
Bewaard in:
| Hoofdauteurs: | , |
|---|---|
| Formaat: | Boek |
| Taal: | Spaans |
| Gepubliceerd in: |
Santiago
CEPAL
2014
|
| Editie: | 1a. ed |
| Reeks: | Libros de la CEPAL, 122
|
| Onderwerpen: | |
| Tags: |
Voeg label toe
Geen labels, Wees de eerste die dit record labelt!
|
MARC
| LEADER | 00000cam a2200000 a 4500 | ||
|---|---|---|---|
| 001 | UCE4537 | ||
| 003 | CL-VaPUC | ||
| 008 | 141030e20140500cl |||||||||||||||||spa|d | ||
| 020 | |a 9789211218527 | ||
| 082 | 0 | 4 | |a 972.93 |b BET |2 21 |
| 100 | 0 | |a Beteta, Hugo E |e author |9 577087 | |
| 700 | 0 | |a Moreno-Brid, Juan Carlos |e author |9 577088 | |
| 245 | 1 | 0 | |a Cambio estructural y crecimiento de Centroamérica y la República Dominicana: un balance de dos décadas, 1990-2011 |
| 250 | |a 1a. ed | ||
| 300 | |a 391 p | ||
| 942 | |c BK | ||
| 945 | |d 20141030 14:13:00 |a dcastane | ||
| 260 | |a Santiago |b CEPAL |c 2014 | ||
| 650 | 0 | |a Desarrollo económico |9 259599 | |
| 650 | 0 | |a Políticas económicas |9 353940 | |
| 651 | 7 | |a REPUBLICA DOMINICANA |2 CL-VaPUC |9 257737 | |
| 583 | |a last modification |c 20141030 14:13:00 |k Rodrigo Vera | ||
| 490 | 0 | |a Libros de la CEPAL, 122 | |
| 999 | |c 357449 |d 357447 | ||
| 952 | |0 0 |1 0 |3 erb |4 0 |6 972_930000000000000_BET_2014 |7 0 |8 A |9 465448 |a BIBGIM |b BIBGIM |i 5122163 |o 972.93 BET 2014 |p 5122163 |r 2025-01-15 |w 2019-11-23 |y BK |z Catalogado en:20141030 |k COM | ||